000
00308nam a2200133Ia 4500
100
_a
Ballaney
942
_c
BK
654
_a
Refregeration & airconditining
245
_a
Refregeration & airconditining
260
_b
Khanna publishers
_a
Delhi
_c
1979
082
_a
621.56
300
_a
791
546
_a
ENGLISH
999
_c
25508
_d
25508